000 01937nam0a2200445 4500
001 RU\NLR\BIBL_A\022183403
005 20240513152827.0
010 _a978-5-4448-2184-8
_9500
021 _aRU
_bКН-П-24-009846
_9КН-П-24-1017
035 _a(NLR Aleph) 022183403
090 _a12989661
_c12989661
100 _a20240329d2024 u y0rusy50 ca
101 1 _arus
_afre
_ceng
_cfre
102 _aRU
105 _aac z 001yy
181 0 _ai3
_baxxe
182 0 _an
200 1 _aМесмеризм и конец эпохи Просвещения во Франции
_fРоберт Дарнтон
_gпер. с англ. Н. и В. Михайлиных
_gпер. с фр. Е. Кузьмишина
203 _aТекст
_bвизуальный
_cнепосредственный
205 _a2-е изд.
210 _aМосква
_cНовое литературное обозрение
_d2024
215 _a238, [1] с.
_cил., портр.
_d22
225 1 _aStudia religiosa
300 _aТекст рус., фр.
300 _aЗагл. и авт. ориг.: Mesmerism and the end of the Enlightenment in France / Robert Darnton
320 _aБиблиогр. в подстроч. примеч.
320 _aИмен. указ. : с. 237-239
454 0 _12001#$aMesmerism and the end of the Enlightenment in France$fRobert Darnton
_1700#1$aDarnton$bR.$gRobert$f1939-
606 1 _aОбщественная мысль
_yФранция
_z18 в.
_2nlr_sh2
_3RU\NLR\AUTH\66638322
606 1 _aМесмеризм
_2nlr_sh1
_2nlr_sh2
_3RU\NLR\AUTH\66286199
606 1 _aВнушение
_2nlr_sh1
_2nlr_sh2
_3RU\NLR\AUTH\6623170
686 1 _aР.г(4Г)
686 1 _aТ3(4Фр)432-72
686 1 _aТ3(4Фр)51-72
686 1 _aЮ962
700 1 _aДарнтон
_bР.
_f1939-
_gРоберт
942 _cBOOK
980 _aNB